000 00681nam a22002057a 4500
999 _c177951
_d177951
005 20210310174410.0
010 _aENG-129208
020 _a978-81-250-5206-7
_c85.00
035 _aEN-112740
037 _bDBAD/PUB
082 _a371.1
245 _aA Pathway to Success
_cedited by Ashok Chaskar, Anand Kulkarni and Vijay Madge
260 _aTelangana
_bOrient Blackswan Private Limited
_c2013
270 _bTelangana
_e500029
_a3-6-752, Himayatnagar, Hyderabad
_minfo@orientblackswan.com
300 _avi+157p.
_c21cm(pbk)
700 _aChaskar, Ashok, Ed.
700 _aKulkarni, Anand, Ed.
700 _aMadge, Vijay, Ed.
942 _2ddc
_cEN
_h371.1
_mPAT